[Event "AUT-ch"]
[Site "Moesern"]
[Date "1997.08.02"]
[Round "1"]
[White "Hoelzl, Franz"]
[Black "Schlosser, Michael"]
[Result "1-0"]
[WhiteElo "2440"]
[BlackElo "2350"]

1.d4 Nf6 2.c4 g6 3.Nc3 Bg7 4.e4 d6 5.Be2 O-O 6.Nf3 e5 7.Be3 h6 8.O-O Ng4
9.Bc1 Nc6 10.d5 Ne7 11.a4 f5 12.exf5 gxf5 13.Nh4 Nf6 14.f4 exf4 15.Bxf4 Nh7
16.Qd2 Rf6 17.Bh5 Bd7 18.Rae1 a6 19.Kh1 Qf8 20.Re3 Ng5 21.g3 Nf7 22.a5 Kh7
23.Rfe1 Ng8 24.Qc2 Nh8 25.Qb3 Rb8 26.c5 Nf7 27.cxd6 cxd6 28.Ne2 Ng5 29.Nd4 Ne4
30.Bf3 Nd2 31.Qb4 Nxf3 32.Nhxf3 Qf7 33.Ne6 Qh5 34.Qxd6 Bxe6 35.dxe6 Re8 36.Qd1 Kh8
37.Kg2 Re7 38.Be5 Rg6 39.Bd6 Re8 40.Ne5 Rg5 41.Nf7+ Kh7 42.Nxg5+ Qxg5 43.Qf3  1-0

[Event "Budapest FS08 IM"]
[Site "Budapest"]
[Date "1997.08.03"]
[Round "2"]
[White "Murzin, Lenar"]
[Black "Resika, Nathan A"]
[Result "1/2-1/2"]
[WhiteElo "2310"]
[BlackElo "2170"]

1.d4 Nf6 2.c4 g6 3.Nc3 Bg7 4.e4 d6 5.Be2 O-O 6.Nf3 e5 7.O-O Nh5 8.Bg5 f6
9.Be3 Nf4 10.c5 Nxe2+ 11.Qxe2 Na6 12.b4 dxc5 13.dxc5 c6 14.a3 Qe7 15.Nd2 f5
16.f3 Nc7 17.Nc4 Ne6 18.Nd6 Nd4 19.Qd3 Rd8 20.Rad1 Be6 21.Bxd4 exd4 22.Ne2 Rxd6
23.cxd6 Qxd6 24.Rd2 a5 25.Rb1 axb4 26.Rxb4 c5 27.Rxb7 Bh6 28.f4 fxe4 29.Qxe4 Bd5
30.Qe7 Qxe7 31.Rxe7 Rxa3 32.Rb2 Rb3 33.Rxb3 Bxb3 34.Rd7 Bc2 35.Nxd4 cxd4
36.Rxd4 Bf8 37.Rd7 Bf5 38.Rd8 Kf7 39.h3 h5 40.Kf2 h4 41.Kf3 Be7 42.Rd2 Bc8
43.Rc2 Bb7+ 44.Kg4 Bd5 45.Rd2 Be6+ 46.Kf3 Kf6 47.g4 hxg3 48.Kxg3 Bc5 49.Re2 Bd6
50.Rxe6+ Kxe6 51.Kg4 Be7 52.h4 Bxh4 53.Kxh4 Kf5 54.Kg3 g5  1/2-1/2

[Event "Lost Boys op"]
[Site "Antwerp"]
[Date "1997.08.04"]
[Round "3"]
[White "Vanderstricht, Geert"]
[Black "Shchekachev, Andrei"]
[Result "1/2-1/2"]
[WhiteElo "2270"]
[BlackElo "2510"]

1.d4 g6 2.c4 Bg7 3.Nc3 Nf6 4.e4 d6 5.Nf3 O-O 6.Be2 e5 7.O-O exd4 8.Nxd4 Re8
9.f3 c6 10.Kh1 Nbd7 11.Bg5 Qb6 12.Nb3 a5 13.Qd2 a4 14.Be3 Qb4 15.Nd4 Qa5
16.Nc2 Re6 17.b4 Qc7  1/2-1/2

[Event "MK Cafe op-A"]
[Site "Koszalin"]
[Date "1997.08.04"]
[Round "2"]
[White "Sakalauskas, Vaidas"]
[Black "Markowski, Tomasz"]
[Result "0-1"]
[WhiteElo "2375"]
[BlackElo "2515"]

1.d4 d6 2.Nf3 Nf6 3.c4 g6 4.Nc3 Bg7 5.e4 O-O 6.Be2 Na6 7.O-O e5 8.Qc2 Nb4
9.Qd2 Na6 10.Qc2 Nb4 11.Qd1 Qe7 12.d5 c5 13.a3 Na6 14.Ne1 Ne8 15.Nd3 f5 16.Bd2 Nf6
17.f3 Bd7 18.Rb1 Rac8 19.Nf2 Kh8 20.Nb5 Ra8 21.b4 Rfc8 22.Rb2 f4 23.Qb1 h5
24.Rc1 g5 25.h3 Bh6 26.Rc3 Rg8 27.Qd1 Rg6 28.Be1 Kh7 29.Rcc2 Bf8 30.bxc5 Nxc5
31.Bb4 b6 32.Bxc5 bxc5 33.Rb3 Qd8 34.Rcb2 Bc8 35.Nc3 Ba6 36.Qb1 Nd7 37.Nb5 Be7
38.Qe1 Rg8 39.Qd2 Nf6 40.Rb1 Bc8 41.Qd1 Rg7 42.Nc3 Ba6 43.R3b2 Qa5 44.Qa4 Qxa4
45.Nxa4 Nd7 46.Nc3 Bd8 47.Nb5 Rg6 48.Kf1 Ba5 49.Bd3 Bc8 50.Rb3 Kg7 51.Ke2 Kf8
52.Bc2 Ke7 53.Nc3 Nb6 54.Bd3 Ba6 55.Nb5 Na4 56.Kf1 Bc8 57.Nd1 g4 58.hxg4 hxg4
59.fxg4 Bxg4 60.Nbc3 Rh8 61.Kf2 Rh1 62.Bf1 Rgh6 63.Ne2 Nb6 64.Ng1 Be1+ 65.Kxe1 Rxg1
66.Nf2 Bc8 67.Nh3 Rh1 68.Kf2 Ba6 69.Be2 Rxb1 70.Rxb1 Rg6 71.Ng1 Kd7 72.Nf3 Kc7
73.Rc1 Rg3 74.Rc3 Nd7 75.Rc1 Nf6 76.Nd2 Rxa3 77.Rh1 Ra2 78.Ke1 Ra1+ 79.Bd1 Bc8
80.Nb3 Ra3 81.Bc2 a5 82.Nd2 Ra1+ 83.Nb1 Ra2 84.Kd1 Ng4 85.Rh7+ Kb8 86.Kc1 Ne3
87.Bb3 Rxg2 88.Nc3 f3 89.Nb5  0-1

[Event "MK Cafe op-A"]
[Site "Koszalin"]
[Date "1997.08.04"]
[Round "2"]
[White "Ferenc, Jozef"]
[Black "Nielsen, Peter Heine"]
[Result "0-1"]
[WhiteElo "2280"]
[BlackElo "2515"]

1.Nf3 Nf6 2.c4 g6 3.Nc3 Bg7 4.d4 O-O 5.e4 d6 6.Be2 e5 7.dxe5 dxe5 8.Qxd8 Rxd8
9.Bg5 c6 10.O-O Re8 11.Rad1 Na6 12.Nxe5 Nc5 13.Bxf6 Bxf6 14.f4 Bxe5 15.fxe5 Be6
16.Rd6 Nd7 17.Nd5 cxd5 18.cxd5 Nxe5 19.dxe6 Rxe6 20.Rxe6 fxe6 21.Rd1 Kf7
22.Kf2 Rc8 23.Rd2 Ke7 24.Ke3 Rc1 25.a3 a6 26.Kf4 Kf6 27.h4 h6 28.Kg3 g5 29.hxg5+ hxg5
30.Kf2 Ke7 31.Ke3 Nd7 32.Rd1 Rc2 33.Rd2 Rxd2 34.Kxd2 Kd6 35.Ke3 Ke5 36.Bd3 a5
37.b4 axb4 38.axb4 Nf6 39.Bc2 b6 40.Bb1 Ng4+ 41.Kf3 Nh6 42.Ke3 Nf7 43.Bc2 Nh8
44.g3 Nf7 45.Bb1 Nh6 46.Bc2 Ng4+ 47.Kf3 Nf6 48.Ke3 Kd6 49.Kd4 Ng4 50.Bd1 e5+
51.Kc4 Ne3+  0-1

[Event "MK Cafe op-A"]
[Site "Koszalin"]
[Date "1997.08.05"]
[Round "4"]
[White "Kosiorek, Marek"]
[Black "Flis, Jacek"]
[Result "1/2-1/2"]
[WhiteElo "2255"]
[BlackElo "2340"]

1.d4 Nf6 2.c4 d6 3.Nc3 Nbd7 4.e4 e5 5.Nf3 g6 6.Be2 Bg7 7.O-O O-O 8.Be3 Ng4
9.Bg5 f6 10.Bd2 Nh6 11.Qc2 c6 12.Rad1 Qe7 13.Be3 Nf7 14.Rfe1 Re8 15.b4 b6
16.b5 Bb7 17.bxc6 Bxc6 18.dxe5 fxe5 19.Nd5 Bxd5 20.Rxd5 Bh6 21.Bxh6 Nxh6
22.Nd2 Nf6 23.Rb5 Rac8 24.Nf1 Qb7 25.Bf3 Nf7 26.Qd3 Qc6 27.Ne3 Kg7 28.Rd1 Rc7
29.h4 h5 30.a4 a6 31.Rb2 Rb7 32.a5 bxa5 33.Rxb7 Qxb7 34.Rb1 Qc6 35.Ra1 Qc5
36.Qa3 Qd4 37.Qxa5 Nxe4 38.Rd1 Qc5 39.Qxa6 Nc3 40.Rc1 e4 41.Bd1 Qe5 42.Qa1 Nxd1
43.Qxe5+ Rxe5 44.Rxd1 Kf6 45.Rd4 Ke6 46.Nd5 Nh6 47.Nf4+ Kf5 48.g3 e3 49.Kf1 exf2
50.Nd3 Re3 51.Kxf2 Ng4+ 52.Rxg4 Rxd3 53.Rg5+ Kf6 54.c5 dxc5  1/2-1/2

[Event "AUT-ch"]
[Site "Moesern"]
[Date "1997.08.05"]
[Round "5"]
[White "Danner, Georg"]
[Black "Brestian, Egon"]
[Result "1/2-1/2"]
[WhiteElo "2415"]
[BlackElo "2440"]

1.d4 Nf6 2.Nf3 g6 3.c4 Bg7 4.Nc3 O-O 5.e4 d6 6.Be2 e5 7.d5 a5 8.Be3 Ng4 9.Bg5 f6
10.Bh4 h5 11.Nd2 Nh6 12.f3 Na6 13.a3 Bd7 14.Rb1 Nc5 15.b4 axb4 16.axb4 Na4
17.Nxa4 Bxa4 18.Qc1 g5 19.Bf2 Bd7 20.c5 f5 21.h3 f4 22.c6 bxc6 23.dxc6 Be6
24.Bc4 Bxc4 25.Qxc4+ Nf7 26.Qd5 Bf6 27.b5 Kg7 28.Ke2 Ra4 29.Rhc1 Ra5 30.Rc2 Qa8
31.Rbb2 g4 32.hxg4 hxg4 33.fxg4 Qc8 34.Ra2 Qxg4+ 35.Nf3 Rfa8 36.Kf1 Ng5 37.Nxg5 Bxg5
38.Be1 Rxa2 39.Rxa2 f3 40.Rf2 Rf8 41.Qd3 fxg2+ 42.Kg1 Rxf2 43.Bxf2 Bd8 44.Bg3 Kf7
45.Kxg2 Ke8 46.Qf3 Qxf3+ 47.Kxf3 Bg5 48.Bf2 Kd8 49.Kg4 Bd2 50.Kf5 Bc3 51.Ke6 Bd4
52.Bh4+ Kc8 53.Kd5 Kb8 54.Be1 Bc5 55.Bc3 Bf2 56.Ke6 Kc8 57.Bb4 Bd4 58.Ba5 Bc5
59.Bd2 Kd8 60.Bg5+ Kc8 61.Be7 Bf2 62.Bg5 Bg1 63.Kd5 Bf2 64.Kc4 Kb8 65.Kb4 Bb6
66.Ka4 Kc8 67.Bd2 Kb8 68.Ba5 Bf2 69.Kb3 Bc5 70.Kc4 Bf2 71.Kd5 Kc8 72.Bb4 Bg1
73.Ke6 Bf2 74.Ba3 Bg1  1/2-1/2

[Event "Montecatini Terme op"]
[Site "Montecatini Terme"]
[Date "1997.08.05"]
[Round "5"]
[White "Vujovic, Milorad"]
[Black "Agnos, Demetrios"]
[Result "0-1"]
[WhiteElo "2240"]
[BlackElo "2515"]

1.c4 g6 2.Nf3 Bg7 3.Nc3 Nf6 4.d4 O-O 5.e4 d6 6.Be2 e5 7.Be3 Ng4 8.Bg5 f6
9.Bc1 Nc6 10.d5 Ne7 11.h3 Nh6 12.g4 Nf7 13.Rg1 Kh8 14.h4 f5 15.Ng5 Nh6 16.gxf5 gxf5
17.f3 Ng6 18.h5 Nf4 19.Bxf4 exf4 20.Qd2 Be5 21.O-O-O c6 22.Rg2 Qe7 23.c5 Rf6
24.dxc6 bxc6 25.Bc4 Bd7 26.exf5 d5 27.Nce4 Rxf5 28.Bxd5 cxd5 29.Qxd5 Bxb2+
30.Rxb2 Rxd5 31.Rxd5 Bc6 32.Rd6 Bxe4 33.Nxe4 Nf5 34.Rf6 Ng3 35.Rxf4 Nxe4
36.Rxe4 Qxc5+ 37.Rc2 Qg1+ 38.Kb2 Rb8+ 39.Ka3 Qb6  0-1

[Event "BCF-ch"]
[Site "Hove"]
[Date "1997.08.06"]
[Round "3"]
[White "Summerscale, Aaron"]
[Black "Sadler, Matthew"]
[Result "1-0"]
[WhiteElo "2420"]
[BlackElo "2665"]

1.Nf3 Nf6 2.c4 g6 3.Nc3 Bg7 4.e4 d6 5.d4 O-O 6.Be2 e5 7.O-O Na6 8.Be3 Ng4
9.Bg5 Qe8 10.Re1 h6 11.Bc1 Nf6 12.Be3 Ng4 13.Bc1 Nf6 14.Be3 c6 15.h3 Nh5
16.c5 exd4 17.Nxd4 dxc5 18.Nb3 b6 19.Bxh5 gxh5 20.Qxh5 f5 21.Qh4 Qg6 22.Rad1 Kh7
23.e5 Nc7 24.Nc1 Nd5 25.Nd3 Be6 26.Nf4 Nxf4 27.Bxf4 Rg8 28.Rd3 Bf8 29.Rg3 Qf7
30.Rxg8 Qxg8 31.g4 Qg6 32.Kh2 Bd5 33.Rg1 Re8 34.gxf5 Qxf5 35.Nxd5 cxd5 36.Qg3 Qf7
37.Bd2 Bg7 38.f4 d4 39.Qd3+ Kh8 40.Qg6 Qxg6 41.Rxg6 Kh7 42.Rc6 Bxe5 43.fxe5 Rxe5
44.Kg3 Re2 45.Bxh6 Rxb2 46.Bg5 Rxa2 47.h4 Ra1 48.h5 Rg1+ 49.Kh4 Rh1+ 50.Kg4 Rg1+
51.Kf5 Rf1+ 52.Bf4 d3 53.Rc7+ Kg8 54.Rd7 c4 55.h6 c3 56.Kg6  1-0

[Event "Budapest FS08 GM"]
[Site "Budapest"]
[Date "1997.08.07"]
[Round "6"]
[White "Lukacs, Peter"]
[Black "Karatorossian, David"]
[Result "1-0"]
[WhiteElo "2520"]
[BlackElo "2335"]

1.d4 Nf6 2.c4 g6 3.Nc3 Bg7 4.e4 d6 5.Nf3 O-O 6.Be2 e5 7.O-O exd4 8.Nxd4 Nc6
9.Be3 Re8 10.f3 Nxd4 11.Bxd4 Be6 12.Qd2 Nd7 13.Bxg7 Kxg7 14.f4 f6 15.Rad1 Qe7
16.b3 a5 17.Bf3 Nc5 18.Rfe1 Bf7 19.g3 Rad8 20.Nd5 Qd7 21.Qxa5 c6 22.Nxf6  1-0

[Event "Budapest FS08 IM"]
[Site "Budapest"]
[Date "1997.08.07"]
[Round "6"]
[White "Ladanyi, Tibor"]
[Black "Farago, Sandor"]
[Result "0-1"]
[WhiteElo "2240"]
[BlackElo "2330"]

1.d4 Nf6 2.c4 d6 3.Nc3 g6 4.e4 Bg7 5.Be2 O-O 6.Nf3 e5 7.d5 a5 8.Bg5 Qe8 9.Nd2 Na6
10.O-O h6 11.Be3 Bd7 12.Rb1 Qc8 13.f3 Nh5 14.g3 f5 15.f4 exf4 16.gxf4 fxe4
17.Ndxe4 Bf5 18.Bxh5 gxh5 19.Bd4 Qe8 20.Bxg7 Qg6+ 21.Kf2 Kxg7 22.Rg1 Bg4
23.Qd4+ Kh7 24.Ng3 Nc5 25.h3 Rxf4+  0-1

[Event "Montecatini Terme op"]
[Site "Montecatini Terme"]
[Date "1997.08.07"]
[Round "7"]
[White "Lagrotteria, Salvatore"]
[Black "Kort, Jacob"]
[Result "1-0"]
[WhiteElo "2225"]
[BlackElo "2200"]

1.Nf3 g6 2.d4 Bg7 3.c4 Nf6 4.Nc3 O-O 5.e4 d6 6.Be2 Nbd7 7.O-O e5 8.d5 a5
9.Ne1 Nc5 10.f3 Nh5 11.Be3 b6 12.a3 Bd7 13.b4 axb4 14.axb4 Rxa1 15.Qxa1 Nb3
16.Qa2 Nd4 17.Bd1 Qe7 18.Qa7 Rc8 19.Rf2 Bf6 20.Ra2 Bg5 21.Bf2 Qd8 22.Ne2 Nxe2+
23.Bxe2 Be7 24.g3 Ng7 25.Nd3 Rb8 26.b5 f5 27.Nb4 fxe4 28.fxe4 Ne8 29.Bg4 Bxg4
30.Nc6 Qd7 31.Qxb8 Bf3 32.Qc8  1-0

[Event "Lost Boys op"]
[Site "Antwerp"]
[Date "1997.08.09"]
[Round "8"]
[White "Shchekachev, Andrei"]
[Black "Van den Doel, Erik"]
[Result "0-1"]
[WhiteElo "2510"]
[BlackElo "2440"]

1.Nf3 Nf6 2.c4 g6 3.Nc3 Bg7 4.e4 d6 5.d4 O-O 6.Be2 e5 7.Be3 exd4 8.Nxd4 Re8
9.f3 c6 10.Bf2 d5 11.exd5 cxd5 12.O-O Nc6 13.c5 Nh5 14.Qd2 Be5 15.g3 Ng7
16.Rfd1 Ne6 17.Nxe6 Bxe6 18.f4 Bxc3 19.Qxc3 Bf5 20.Bf3 Be4 21.Bxe4 Rxe4 22.Qb3 Rb4
23.Qxd5 Qxd5 24.Rxd5 Rxb2 25.Rd7 Re8 26.Re1 Rxe1+ 27.Bxe1 Kf8 28.Bf2 Ke8
29.Rc7 Nd8 30.a4 h5 31.Kg2 Ne6 32.Rc8+ Kd7 33.Ra8 Nxc5 34.Kf3 Rb3+ 35.Kg2 Nxa4
36.Rxa7 Nc3 37.Bg1 Nd5 38.f5 gxf5 39.Ra4 Rb4 40.Ra8 Rb2+ 41.Kh3 f4 42.Ra3 b5
43.Bd4 Rd2 44.Be5 fxg3 45.Bxg3 b4 46.Ra7+ Ke6 47.Rb7 Rd4 48.Rb8 f5 49.Kg2 f4
50.Be1 Kf5 51.Kf3 Rd3+ 52.Ke2 Re3+ 53.Kf2 b3 54.h4 Rh3 55.Kg2 Rd3 56.Kf2 Nf6
57.Rb5+ Kg4 58.Rb4 Re3 59.Kf1 Ne4 60.Rb8 Ng3+  0-1

[Event "Budapest FS08 IM"]
[Site "Budapest"]
[Date "1997.08.09"]
[Round "8"]
[White "Ladanyi, Tibor"]
[Black "Schneider, Attila"]
[Result "0-1"]
[WhiteElo "2240"]
[BlackElo "2405"]

1.d4 Nf6 2.c4 g6 3.Nc3 Bg7 4.e4 d6 5.Be2 O-O 6.Nf3 e5 7.d5 a5 8.Bg5 h6 9.Bh4 Na6
10.Nd2 Qe8 11.O-O Bd7 12.b3 Nh7 13.a3 f5 14.f3 f4 15.Rb1 h5 16.Qc2 g5 17.Bf2 g4
18.Rfd1 Qg6 19.b4 g3 20.Be1 axb4 21.axb4 gxh2+ 22.Kh1 Bf6 23.Bf2 Kh8 24.Kxh2 Rg8
25.Rg1 h4 26.c5 Qg5 27.c6 Bc8 28.Nc4 Rg6 29.Bd3 b6 30.Nb5 Bd8 31.Qd2 Qh5
32.Qe2 Rg3 33.Rh1 Rg6 34.Rhg1 Ng5 35.Bxb6 Rb8 36.Nbxd6 h3 37.g4 Nxf3+ 38.Qxf3 Rxg4
39.Nxc8 Rg2+ 40.Rxg2 Qxf3 41.Rg6 Qxd3 42.Rbg1 Qe2+ 43.Kh1 Qxe4+ 44.Kh2 Kh7
45.Rg7+ Kh6 46.N4d6 cxd6 47.Bxd8 Rxb4 48.R1g6+ Qxg6 49.Rxg6+ Kxg6 50.Nxd6 e4
51.Nxe4 Rxe4 52.c7 Nxc7 53.Bxc7 Kf5 54.Kxh3 Rd4 55.d6 Ke4 56.Kg2 Rd2+ 57.Kf1 Kf3
58.Ke1 Rd5 59.Bb8 Kg2 60.d7 f3  0-1

[Event "MK Cafe op-A"]
[Site "Koszalin"]
[Date "1997.08.10"]
[Round "9"]
[White "Cichocki, Adam"]
[Black "Tseshkovsky, Vitaly"]
[Result "1-0"]
[WhiteElo "2330"]
[BlackElo "2500"]

1.d4 g6 2.c4 Bg7 3.Nc3 d6 4.e4 Nf6 5.Nf3 O-O 6.Be2 e5 7.Be3 Na6 8.O-O Qe8
9.dxe5 dxe5 10.Nd2 b6 11.a3 c6 12.b4 Nc7 13.c5 b5 14.a4 a6 15.axb5 axb5 16.Rxa8 Nxa8
17.Nb3 Bd7 18.Qd6 Qc8 19.Rd1 Nc7 20.Bg5 Nce8 21.Qd2 Kh8 22.Na5 h5 23.f3 Kh7
24.h4 Rg8 25.Na2 Qc7 26.Nc1 Bf8 27.Nd3 Bc8 28.Nf2 Nd7 29.Qa2 f6 30.Qf7+ Bg7
31.Be3 Nb8 32.Qb3 Rf8 33.Bd3 Qe7 34.Bb1 Be6 35.Qd3 Qa7 36.Qd8 Nc7 37.Qd6 Bd7
38.Ba2 Nca6 39.Bd2 Qc7 40.Qd3 Re8 41.Bc3 Qc8 42.Qd6 Nc7 43.Bf7 Rf8 44.Bb3 Be6
45.Bxe6 Nxe6 46.Qe7 Kg8 47.Qb7 Qxb7 48.Nxb7 Rf7 49.Nd8 Nxd8 50.Rxd8+ Rf8
51.Rd1 Kf7 52.Ra1 Ke6 53.Kf1 Bh6 54.Ke2 Rf7 55.Ra8 Rb7 56.Nd3 Bf4 57.Bd2 Bg3
58.Nc1 Kd7 59.Nb3 Bxh4 60.Na5 Kc7 61.Nxb7 Kxb7 62.Ra3 Nd7 63.Rd3 Kc7 64.Rd6 g5
65.Re6 Bg3 66.Re7 h4 67.Re6 Kb7 68.Rd6 Kc7 69.Kf1 Bh2 70.Kf2 Bg3+ 71.Kg1 Bf4
72.Bxf4 gxf4 73.Re6  1-0

[Event "Budapest FS08 IM"]
[Site "Budapest"]
[Date "1997.08.11"]
[Round "10"]
[White "Ladanyi, Tibor"]
[Black "Kahn, Evarth"]
[Result "0-1"]
[WhiteElo "2240"]
[BlackElo "2270"]

1.d4 Nf6 2.c4 g6 3.Nc3 Bg7 4.e4 d6 5.Be2 O-O 6.Nf3 e5 7.d5 a5 8.Bg5 h6 9.Bh4 Na6
10.Nd2 Qe8 11.O-O Nh7 12.a3 h5 13.f3 Bd7 14.Rb1 a4 15.Nb5 Bxb5 16.cxb5 Nc5
17.b6 Qd7 18.b4 axb3 19.Nc4 Ra6 20.Qd2 cxb6 21.Qb4 Qc7 22.Bf2 Rb8 23.Rfc1 Bh6
24.Ne3 Qe7 25.Bxa6 bxa6 26.Rd1 Nf8 27.Nc4 Nfd7 28.Qc3 a5 29.a4 Kh7 30.Nd2 Bxd2
31.Rxd2 b5 32.g3 b4 33.Qb2 Qg5 34.Ra1 Nb6 35.Bxc5 Nc4 36.Bxd6 Qe3+ 37.Kg2 Nxb2
38.Rxb2 Rc8 39.Bxe5 Rc2+ 40.Kh3 Qxf3  0-1

[Event "ST Lee Cup 4th"]
[Site "Beijing"]
[Date "1997.08.23"]
[Round "1"]
[White "Li Wenliang"]
[Black "Wang Yuemin"]
[Result "1-0"]
[WhiteElo "2410"]
[BlackElo "2280"]

1.d4 Nf6 2.Nf3 g6 3.c4 Bg7 4.Nc3 O-O 5.e4 d6 6.Be2 e5 7.Be3 c6 8.Qd2 Qe7
9.d5 Ng4 10.Bg5 f6 11.Bh4 h5 12.h3 Nh6 13.dxc6 bxc6 14.Rd1 Nf7 15.b4 g5 16.Bg3 f5
17.exf5 Bxf5 18.O-O Bh6 19.Qe1 Bc2 20.Rc1 Bg6 21.Rd1 Bc2 22.Rc1 Bg6 23.Nd2 Na6
24.a3 Nc7 25.Bf3 Bd3 26.Bxc6 Rad8 27.Rd1 Nh8 28.Nd5 Nxd5 29.Bxd5+ Kg7 30.Be4 Bxf1
31.Nxf1 Ng6 32.Ne3 Qe6 33.Qe2 Nf4 34.Qc2 Kh8 35.Nf5 Bg7 36.Ne3 Bf6 37.Bf5 Qg8
38.Bh2 d5 39.cxd5 Nxd5 40.Nxd5 Rxd5 41.Re1 Rfd8 42.Qe2 Qf7 43.g4 h4 44.Qf3 Qe7
45.Kg2 Rd2 46.Qc6 Qd6 47.b5 Ra2 48.Rxe5 Bxe5 49.Bxe5+ Qxe5 50.Qh6+ Kg8 51.Be6+ Qxe6
52.Qxe6+ Kf8 53.Qxa2  1-0

[Event "Villarrobledo rapid op"]
[Site "Villarrobledo"]
[Date "1997.08.24"]
[Round "8"]
[White "Karpov, Anatoly"]
[Black "Strikovic, Aleksa"]
[Result "1/2-1/2"]
[WhiteElo "2745"]
[BlackElo "2560"]

1.Nf3 Nf6 2.c4 d6 3.d4 Nbd7 4.Nc3 e5 5.e4 g6 6.Be2 Bg7 7.O-O O-O 8.Re1 c6
9.Bf1 Re8 10.Rb1 a5 11.d5 Nc5 12.b3 Qc7 13.a3 cxd5 14.cxd5 Bd7 15.Bd2 Rec8
16.a4 Qd8 17.h3 Ne8 18.Bg5 f6 19.Bh4 Bh6 20.Nd2 Nd3 21.Bxd3 Rxc3 22.Nc4 Qc7
23.Re2 Qc5 24.Rc2 Rxc2 25.Qxc2 b5 26.axb5 Bxb5 27.Ra1 f5 28.Rxa5 Rxa5 29.Nxa5 Bxd3
30.Qxd3 Qxa5 31.exf5 gxf5 32.Qxf5 Qe1+ 33.Kh2 Bf4+ 34.Bg3 Qxf2 35.Qe6+ Kf8
36.Qf5+ Ke7 37.Qxh7+ Kd8 38.Qh4+ Kd7 39.Qh7+ Kc8 40.Qf5+ Kb7 41.Bxf4 Nc7
42.Qe4 Qxf4+ 43.Qxf4 exf4 44.g4 fxg3+ 45.Kxg3 Nxd5 46.h4 Nf6 47.Kf4 d5 48.Ke5 Kc6
49.b4 Kb5 50.h5  1/2-1/2

[Event "Schwarzach op-B"]
[Site "Schwarzach"]
[Date "1997.08.25"]
[Round "3.4"]
[White "Mooslechner, Peter"]
[Black "Junger, Gerald"]
[Result "1/2-1/2"]
[WhiteElo "1823"]
[BlackElo "1786"]

1.Nf3 Nf6 2.d4 g6 3.c4 Bg7 4.Nc3 d6 5.e4 O-O 6.Be2 e5 7.Bg5 exd4 8.Nxd4 h6
9.Be3 Re8 10.f3 c6 11.Qd2 Kh7 12.Rd1 Qe7 13.Nc2 Bf8 14.O-O a6 15.a4 Nbd7
16.f4 Nxe4 17.Nxe4 Qxe4 18.Bd3 Qe7 19.f5 Ne5 20.fxg6+ fxg6 21.Rde1 Be6 22.Bd4 Bg7
23.Bxe5 dxe5 24.Bxg6+ Kxg6 25.Qd3+ Kh5 26.Ne3 Qg5 27.Nf5 Rad8 28.Ng3+ Kh4
29.Re4+ Bg4 30.Qe2 Rf8 31.Rxf8 Rxf8 32.h3 Rf4 33.hxg4 Rxe4 34.Nxe4 Qxg4 35.g3+ Kh5
36.Qxg4+ Kxg4 37.Kg2 Bf8 38.Nf2+ Kf5 39.Kf3 h5 40.b3 Be7 41.Ne4 b5 42.cxb5 cxb5
43.axb5 axb5 44.Nf2 Bc5  1/2-1/2

[Event "ST Lee Cup 4th"]
[Site "Beijing"]
[Date "1997.09.02"]
[Round "9"]
[White "Atalik, Suat"]
[Black "Peng Xiaomin"]
[Result "1-0"]
[WhiteElo "2590"]
[BlackElo "2530"]

1.d4 Nf6 2.c4 g6 3.Nc3 Bg7 4.e4 d6 5.Nf3 O-O 6.Be2 e5 7.O-O Na6 8.Be3 c6
9.Re1 Qe7 10.h3 Nh5 11.c5 dxc5 12.dxe5 Bxe5 13.Nxe5 Qxe5 14.Bxa6 bxa6 15.Qd2 Be6
16.f4 Qc7 17.g4 Ng7 18.f5 Rfd8 19.Qh2 Qxh2+ 20.Kxh2 Bc4 21.Rad1 Bd3 22.Bxc5 h5
23.Be7 Rd7 24.f6 Rb8 25.fxg7 Rxb2+ 26.Kg3 Rxe7 27.Rxd3 hxg4 28.hxg4 Kxg7
29.Rd6 Rc2 30.Re3 Rb7 31.e5 Rbb2 32.Ne4 Rg2+ 33.Kf4 Rg1 34.e6 Rf1+ 35.Rf3 Rxf3+
36.Kxf3 fxe6 37.Rd7+ Kf8 38.a4 e5 39.Nc5 Rb4 40.Rxa7 Rc4 41.Nd7+ Ke8 42.Nxe5 Rxa4
43.Nxg6 c5 44.Ne5 c4  1-0

[Event "ST Lee Cup 4th"]
[Site "Beijing"]
[Date "1997.09.03"]
[Round "10"]
[White "Yin Hao"]
[Black "Xu Jun"]
[Result "0-1"]
[WhiteElo "2410"]
[BlackElo "2505"]

1.e4 g6 2.d4 Bg7 3.Nf3 d6 4.c4 Nf6 5.Nc3 O-O 6.Be2 Na6 7.O-O e5 8.d5 Nc5
9.Nd2 a5 10.b3 c6 11.a3 Bd7 12.Rb1 cxd5 13.cxd5 Qb8 14.Re1 Rc8 15.a4 b6 16.Bb5 Nxa4
17.bxa4 Rxc3 18.Bb2 Rc8 19.Ba3 Bxb5 20.Rxb5 Bh6 21.Nf1 Qc7 22.Qb3 Nd7 23.h4 Bf8
24.Rc1 Qd8 25.g3 Rc7 26.Rb1 Rac8 27.Qd1 Rc3 28.Bc1 Qc7 29.Bd2 Rd3 30.Qe2 Rd4
31.Rc1 Qb7 32.Ra1 Rc2  0-1

[Event "Budapest FS09 IM"]
[Site "Budapest"]
[Date "1997.09.07"]
[Round "2"]
[White "Appleberry, Martin"]
[Black "Karatorossian, David"]
[Result "1/2-1/2"]
[WhiteElo "2235"]
[BlackElo "2335"]

1.Nf3 Nf6 2.c4 g6 3.Nc3 Bg7 4.e4 d6 5.d4 O-O 6.Be2 e5 7.O-O exd4 8.Nxd4 Re8
9.f3 Nc6 10.Nc2 Be6 11.Bg5 h6 12.Bh4 Qc8 13.Qd2 Nd7 14.Bf2 Nde5 15.b3 Kh7
16.Rac1 Qd8 17.Rfd1 f5 18.exf5 gxf5 19.Nd5 Qd7 20.Nd4 Nxd4 21.Bxd4 Qf7 22.Nf4 Re7
23.c5 d5 24.Bf1 c6 25.Re1 Bd7 26.Re2 Rae8 27.Rce1 Qf6 28.Rxe5 Rxe5 29.Rxe5 Rxe5
30.Nh5 Qg6 31.Nxg7 Re7 32.Qc3 Rxg7 33.Bxg7 Qxg7 34.Qxg7+ Kxg7 35.f4 b6 36.b4 Be6
37.cxb6 axb6 38.a4 c5 39.a5 cxb4 40.axb6 Bc8 41.Kf2 d4 42.Ke2 b3 43.Kd2 Bb7
44.Kc1 Kf6 45.Kb2 Bd5 46.Ba6 d3 47.Bxd3 Bxg2 48.Ba6 Kg6 49.b7 Bxb7 50.Bxb7 Kh5  1/2-1/2

[Event "Chania op 7th"]
[Site "Chania"]
[Date "1997.09.07"]
[Round "5"]
[White "Bagaturov, Giorgi"]
[Black "Tsarouhas, Konstantinos"]
[Result "1-0"]
[WhiteElo "2485"]
[BlackElo "2260"]

1.d4 Nf6 2.Nf3 g6 3.c4 Bg7 4.Nc3 O-O 5.e4 d6 6.Be2 e5 7.Be3 exd4 8.Nxd4 Re8
9.f3 c6 10.Bf2 d5 11.exd5 cxd5 12.O-O Nc6 13.c5 Nh5 14.Qd2 Be6 15.Rfd1 Qf6
16.Ndb5 Re7 17.Be3 d4 18.Ne4 Qe5 19.Nxd4 Bd5 20.Nxc6 Bxc6 21.Bd4 Qxd4+ 22.Qxd4 Bxd4+
23.Rxd4 Bxe4 24.Rxe4 Rxe4 25.fxe4 Nf4 26.Bc4 Rc8 27.Rc1 Kg7 28.b4 Rc7 29.Rf1 Ne6
30.Bxe6 fxe6 31.e5 Rd7 32.b5 Rd5 33.Rc1 Kf7 34.c6 bxc6 35.bxc6 Rd8 36.Kf2 Ke7
37.Ke3 Rb8 38.Rd1 Ke8 39.Rd6  1-0

[Event "ASA Masters-Juniors"]
[Site "Tel Aviv"]
[Date "1997.09.07"]
[Round "1"]
[White "Tsesarsky, Ilya"]
[Black "Zalkind, Karmi"]
[Result "1-0"]
[WhiteElo "2445"]
[BlackElo "2315"]

1.Nf3 Nf6 2.c4 g6 3.Nc3 Bg7 4.e4 d6 5.d4 O-O 6.Be2 Nbd7 7.O-O e5 8.Qc2 Nh5
9.Rd1 Nf4 10.Bf1 c5 11.dxc5 dxc5 12.Nd5 Ne6 13.Bd3 g5 14.Ne3 h5 15.h3 Qf6
16.Nf5 Nb8 17.Bf1 Nc6 18.Rd6 Ncd4 19.N5xd4 Nxd4 20.Rxd4 cxd4 21.Bxg5 Qg6
22.Be7 Re8 23.Nh4 Qc6 24.Bg5 Be6 25.Bd3 Rac8 26.Rc1 b5 27.c5 f6 28.Bd2 a6
29.Qd1 Bc4 30.Rxc4 bxc4 31.Bxc4+  1-0

[Event "Chania op 7th"]
[Site "Chania"]
[Date "1997.09.09"]
[Round "7"]
[White "Kalesis, Nikolaos"]
[Black "Tsarouhas, Konstantinos"]
[Result "1-0"]
[WhiteElo "2400"]
[BlackElo "2260"]

1.d4 Nf6 2.c4 g6 3.Nc3 Bg7 4.e4 d6 5.Nf3 O-O 6.Be2 e5 7.Be3 Qe7 8.dxe5 dxe5
9.Nd5 Nxd5 10.cxd5 Qb4+ 11.Nd2 c6 12.Qc2 Qa5 13.Rc1 Bd7 14.b4 Qd8 15.O-O cxd5
16.exd5 Na6 17.b5 Bf5 18.Qb3 Nc7 19.Bf3 Ne8 20.Bc5 Nd6 21.Qb4 e4 22.Nxe4 Bxe4
23.Bxe4 Be5 24.f4 Nxe4 25.fxe5 Qxd5 26.Bxf8 Rxf8 27.Rfe1 Ng5 28.a4 h5 29.Rcd1 Qe6
30.Rd6 Qc8 31.Qf4 Ne6 32.Qc1 Nc5 33.Qc4 Kg7 34.Rf1 b6 35.Rdf6 Qe8 36.Qd5 Qe7
37.R6f4 Ne6 38.R4f2 Qb4 39.Qd7 Qc5 40.Kh1 Qxe5 41.Rxf7+ Rxf7 42.Qxf7+ Kh6
43.Qxa7 Qe2 44.Qf7 h4 45.Qf3 Qc4 46.h3 Qxa4 47.Qe3+ Ng5 48.Qxb6 Ne4 49.Qe3+ Kg7
50.Rf4 Ng3+ 51.Kh2 Qxb5 52.Qe7+ Kh6 53.Qf8+  1-0

[Event "Banicky Kahanec"]
[Site "Prievidza"]
[Date "1997.09.09"]
[Round "2"]
[White "Krivoshey, Sergei"]
[Black "Salai, Ladislav"]
[Result "1-0"]
[WhiteElo "2450"]
[BlackElo "2435"]

1.Nf3 Nf6 2.c4 g6 3.Nc3 Bg7 4.e4 d6 5.d4 O-O 6.Be2 e5 7.O-O exd4 8.Nxd4 Re8
9.f3 Nc6 10.Be3 Nh5 11.Qd2 Nf4 12.Rf2 Nxd4 13.Bxd4 Be5 14.Bf1 c6 15.Kh1 a6
16.Rd1 Qe7 17.Be3 Nh5 18.Bg5 f6 19.Be3 f5 20.Bg5 Qg7 21.Bh6 Qf6 22.g4 Ng7
23.gxf5 gxf5 24.Rg2 Qf7 25.f4 Bf6 26.Be2 Re7 27.Rdg1 Qf8 28.Qxd6 fxe4 29.Nxe4 Bxb2
30.Bxg7 Bxg7 31.Nf6+  1-0

[Event "Chania op 7th"]
[Site "Chania"]
[Date "1997.09.10"]
[Round "8"]
[White "Kalesis, Nikolaos"]
[Black "Nenashev, Alexander"]
[Result "1/2-1/2"]
[WhiteElo "2400"]
[BlackElo "2585"]

1.d4 Nf6 2.c4 g6 3.Nc3 Bg7 4.e4 d6 5.Be2 O-O 6.Nf3 e5 7.Be3 Ng4 8.Bg5 f6
9.Bh4 Nc6 10.d5 Ne7 11.Nd2 Nh6 12.f3 Nf7 13.Bf2 c5 14.dxc6 bxc6 15.b4 Ng5
16.Nb3 Ne6 17.Qd2 Nf4 18.O-O Be6 19.Rfd1 Bh6 20.Qxd6 Qxd6 21.Rxd6 Nxe2+ 22.Nxe2 Bxc4
23.Nc3 Rfd8 24.Rad1 Rxd6 25.Rxd6 Bxb3 26.axb3 a5 27.bxa5 Rxa5  1/2-1/2

[Event "Banicky Kahanec"]
[Site "Prievidza"]
[Date "1997.09.11"]
[Round "4"]
[White "Krivoshey, Sergei"]
[Black "Pisk, Petr"]
[Result "1/2-1/2"]
[WhiteElo "2450"]
[BlackElo "2340"]

1.Nf3 Nf6 2.c4 g6 3.Nc3 Bg7 4.e4 d6 5.d4 O-O 6.Be2 e5 7.O-O Nh5 8.Bg5 f6
9.Be3 Nf4 10.c5 Nxe2+ 11.Qxe2 exd4 12.Bxd4 Nc6 13.Qc4+ Rf7 14.cxd6 Qxd6 15.Bc5 Qe6
16.Nd5 b6 17.Ba3 Na5 18.Qd3 c6 19.b4 Nb7  1/2-1/2